000 00545nam a2200205Ia 4500
005 20250923145906.0
008 008 250917s9999 xx 000 0 eng d
037 _aTextual
040 _aDSWL
_beng
_cDSWL
041 _aeng
_2eng
084 _aX:9, N94
_qDSWL
100 _aRastogi, T.N.
_9839997
245 0 _aReadings in personnel management
_c by T.N. Rastogi
260 _aDelhi
_b Author
_c1994
300 _a68p.
365 _aINR
_b125.00
925 _g125.00
942 _cTEXL
_hX:9, N94
999 _c1456994
_d1456994